01335nam a2200325Ia 4500001001200000003000800012006001900020007001500039008004100054010001700095020003100112020002800143020002600171020002300197040002100220035002100241050002800262245013900290260005900429300003000488504005100518533015200569650003900721650001600760655002900776700004600805700001500851710001700866856012600883ebr10303020CaPaEBRm u cr cn|||||||||090123s2009 enkab sb 001 0 eng d z 2009002110 z9780754672623 (alk. paper) z075467262X (alk. paper) z9780754676218 (ebook) z0754676218 (ebook) aCaPaEBRcCaPaEBR a(OCoLC)64779294814aG156.5.E26bE353 2009eb00aEcotourism and environmental sustainabilityh[electronic resource] :bprinciples and practice /cedited by Jennifer Hill and Tim Gale. aFarnham, England ;aBurlington, VT :bAshgate,cc2009. axv, 259 p. :bill., maps. aIncludes bibliographical references and index. aElectronic reproduction.bPalo Alto, Calif. :cebrary,d2009.nAvailable via World Wide Web.nAccess may be limited to ebrary affiliated libraries. 0aEcotourismxEnvironmental aspects. 0aEcotourism. 7aElectronic books.2local1 aHill, Jenniferq(Jennifer Louise),d1969-1 aGale, Tim.2 aebrary, Inc.40uhttp://site.ebrary.com/lib/rucke/Doc?id=10303020zAn electronic book accessible through the World Wide Web; click to view